000
00259nam a2200109Ia 4500
008
200302s9999 xx 000 0 und d
100
_a
Le Corbusier
245
_a
Toward A New architecture
260
_b
Dover publications Inc.
260
_c
1986
300
_a
289
999
_c
6092
_d
6092